| 000 | 02587nam0a2200385 4500 | ||
|---|---|---|---|
| 001 | RU\NLR\BIBL_A\011686703 | ||
| 005 | 20260408125929.0 | ||
| 010 |
_a5-7974-01-003 _9500 |
||
| 035 | _a(NLR Aleph) 011686703 | ||
| 090 |
_a11316796 _c11316796 |
||
| 100 | _a20180423d2005 |||y0rusy50 ca | ||
| 101 | 0 |
_arus _aund |
|
| 102 | _aRU | ||
| 105 | _ay|||z|||100zy | ||
| 200 | 1 |
_aМатериалы VI Югорских чтений "Героический эпос обских угров: наследие и современность", посвященных 185-летию А. Регули, 130-летию А. Каннисто и 85-летию Э. Вертеш (Ханты-Мансийск, 12 мая 2004 г.) _e[сборник научных статей] _fПравительство Ханты-Мансийского автономного округа, Департамент по вопосам малочисленных народов Севера, Научно-исследовательский институт угроведения |
|
| 210 |
_aМосква _cИкар _d2005 |
||
| 215 |
_a146, [2] с. _d21 |
||
| 300 | _aЗагл. обл.: Материалы VI Югорских чтений "Героический эпос обских угров: наследие и современность", Ханты-Мансийск, 12 мая 2004 г. | ||
| 300 | _aЧасть текста на нац. диалектах | ||
| 320 | _aБиблиогр. в конце ст. | ||
| 512 | 1 | _aЗагл. обл.: Материалы VI Югорских чтений "Героический эпос обских угров: наследие и современность", Ханты-Мансийск, 12 мая 2004 г. | |
| 606 | 1 |
_aГероический эпос мансийский _jСъезды, совещания и т.п. _92623240 _3RU\NLR\AUTH\661559800 |
|
| 606 | 1 |
_aГероический эпос хантыйский _jСъезды, совещания и т.п. _92096633 _3RU\NLR\AUTH\661572020 |
|
| 686 | 1 | _aТ52(251.1=Ха)-7я431 | |
| 686 | 1 | _aШ3(251.1=Ма)-611я431 | |
| 686 | 1 | _aШ3(251.1=Хан)-611я431 | |
| 702 | 1 |
_aРегули _bА. _f1819-1858 _gАнтал _4570 |
|
| 702 | 1 |
_aВертеш _bЭ. _4570 |
|
| 710 | 1 | 2 |
_aЮгорские чтения _d6 _f2004 _eХанты-Мансийск _3RU\NLR\AUTH\880469518 _9600938 |
| 942 | _cBOOK | ||
| 980 | _aNB | ||